| 000 | 00492nam a2200193Ia 4500 | ||
|---|---|---|---|
| 008 | 170918s9999 xx 000 0 und d | ||
| 020 | _a9780434319478 | ||
| 050 | _bB146do 2000 | ||
| 100 | _aBaglio, Ben M. | ||
| 245 | _aInto the blue / | ||
| 245 | _cby Nben M. Baglio ; illustrated by Judith Lawton. | ||
| 260 | _aNew York : | ||
| 260 | _bScholastic, | ||
| 260 | _c2000 | ||
| 300 | _a163 pages : | ||
| 300 | _billustrations ; | ||
| 300 | _c19cm. | ||
| 300 | _eDolphin diaries ; 1. | ||
| 999 |
_c344268 _d344268 |
||